[Event "Muensterland Verbandsklasse-B 1213"]
[Site "Germany"]
[Date "2013.01.26"]
[Round "5.1"]
[White "Hoeing, Johannes"]
[Black "Lehmann, Holger"]
[Result "1/2-1/2"]
[WhiteElo "1886"]
[BlackElo "2129"]
[PlyCount "25"]
[EventDate "2012.09.15"]
[EventType "team-tourn"]
[EventRounds "9"]
[EventCountry "GER"]
[SourceTitle "EXT 2015"]
[Source "ChessBase"]
[SourceDate "2014.11.20"]
[SourceVersion "1"]
[SourceVersionDate "2014.11.20"]
[SourceQuality "1"]
[WhiteTeam "Suedlohn II"]
[BlackTeam "Emsdetten Rochade"]
[WhiteTeamCountry "GER"]
[BlackTeamCountry "GER"]

1. c4 e5 2. g3 Nc6 3. e4 g6 4. Bg2 Bg7 5. Nc3 d6 6. Nge2 Be6 7. d3 Qd7 8. h3 Nge7 9. Nd5 0-0 10. Bh6 f5 11. Bxg7 Kxg7 12. Qd2 Nd8 13. f4 1/2-1/2

[Event "Muensterland Verbandsklasse-B 0708"]
[Site "Germany"]
[Date "2007.11.17"]
[Round "3.3"]
[White "Voss, Norbert"]
[Black "Hoeing, Johannes"]
[Result "1/2-1/2"]
[WhiteElo "1805"]
[BlackElo "1920"]
[PlyCount "111"]
[EventDate "2007.09.15"]
[EventType "team"]
[EventRounds "9"]
[EventCountry "GER"]
[SourceTitle "EXT 2009"]
[Source "ChessBase"]
[SourceDate "2008.11.26"]
[SourceVersion "1"]
[SourceVersionDate "2008.11.26"]
[SourceQuality "1"]
[WhiteTeam "Muenster SK V"]
[BlackTeam "Suedlohn II"]
[WhiteTeamCountry "GER"]
[BlackTeamCountry "GER"]

1. e4 Nf6 2. Nc3 d5 3. e5 d4 4. exf6 dxc3 5. fxg7 cxd2+ 6. Qxd2 Qxd2+ 7. Bxd2 Bxg7 8. 0-0-0 Nc6 9. Bb5 Bd7 10. Ne2 a6 11. Ba4 0-0-0 12. Bc3 Rhg8 13. g3 e6 14. Bxg7 Rxg7 15. Nf4 b5 16. Bb3 Na5 17. Nd3 Bc6 18. Rhe1 Nxb3+ 19. axb3 a5 20. Ne5 Rxd1+ 21. Kxd1 Be8 22. Kd2 Kb7 23. c3 Kb6 24. b4 axb4 25. cxb4 c5 26. bxc5+ Kxc5 27. Rc1+ Kd6 28. Rc8 Rg8 29. Nd3 f6 30. Kc3 Bf7 31. Rc5 Rb8 32. Kb4 Be8 33. Nf4 Ra8 34. Rc2 Ra4+ 35. Kb3 e5 36. Rd2+ Kc6 37. Ng2 Bf7+ 38. Kc2 Rc4+ 39. Kb1 Bg6+ 40. Ka2 Ra4+ 41. Kb3 Bf7+ 42. Kc2 Rc4+ 43. Kd3 Rd4+ 44. Ke3 Rxd2 45. Kxd2 Kc5 46. Ne3 Be6 47. g4 Kd4 48. Ke2 b4 49. f3 Bd7 50. h4 h6 51. Kd2 Bc8 52. Ke2 Ba6+ 53. Kd2 Bc8 54. Ke2 Ba6+ 55. Kd2 Bc8 56. Ke2 1/2-1/2